00406pab a2200145 454500008004000000100002500040245009400065260000900159300001400168362000800182650002000190650001800210650001000228773002200238180718b2006 xxu||||| |||| 00| 0 eng d aSchwarz, Beate et al aIntergenerational support: psychological and cultural analyses of Korean and German women c2006 ap.315-40. aMar aWomen - Germany aWomen - Korea aWomen aCurrent Sociology